Statistics for Asian Countries with Two Vowels

Click here to take the quiz!

General Stats

  • This quiz has been taken 350 times
    (348 since last reset)
  • The average score is 11 of 14

Answer Stats

Country% Correct
China
93%
Japan
90%
Laos
86%
Nepal
83%
Oman
83%
Yemen
81%
Bhutan
79%
Iran
79%
Iraq
79%
Jordan
75%
Qatar
74%
Syria
71%
Turkey
69%
Burma
58%

Score Distribution

Percentile by Number Answered

Percent of People with Each Score

Your Score History

You have not taken this quiz since the last reset